=LDR 00000nam 2200000 4500 =001 INLIS000000000036128 =005 20130612141930 =008 ***********************************Ind** =035 ##$$0010-061300000036128 =041 ##$$a Ind =082 ##$$a 028.5 =090 ##$$a 028.5, Ann p =100 ##$$a Ann, Anthony =245 ##$$a Poc N pic, sejarah, Anthony Ann dan selniya Hanna =260 ##$$a 2011 $b jakarta =300 ##$$a 161 hlm, ilus, 24 cm =650 ##$$a Bacaan kanak-kanak =850 ##$$a NBPNMAT